000 00562nam a2200229Ia 4500
003 OSt
005 20221005132331.0
006 a|||||r|||| 00| 0
007 ta
008 221004b |||||||| |||| 00| 0 tam d
024 _a51778
037 _cTextual
040 _aCRL
_cCRL
_btam
041 _2tam
_atam
082 _aU.2133.N6, 31K3
100 _aSomaly Au.
_9627984
245 0 _aThirunelvelimavattam
260 _c1963
650 _aGEOGRAPHY
942 _hU.2133.N6, 31K3
_cTEXL
_2cc
999 _c1063292
_d1063292